| 000 -LEADER |
| fixed length control field |
00336nam a22001337a 4500 |
| 008 - FIXED-LENGTH DATA ELEMENTS--GENERAL INFORMATION |
| fixed length control field |
181219b xxu||||| |||| 00| 0 eng d |
| 020 ## - INTERNATIONAL STANDARD BOOK NUMBER |
| International Standard Book Number |
039.000532 |
| 041 ## - LANGUAGE CODE |
| Language code of text/sound track or separate title |
eng |
| 080 ## - UNIVERSAL DECIMAL CLASSIFICATION NUMBER |
| Universal Decimal Classification number |
721 |
| 100 ## - Rafti |
| Rafti |
45 |
| 101 ## - Shkurtesa |
| Shkurtesa |
ark |
| 245 ## - TITLE STATEMENT |
| Title |
Mounmental Classic Architecture In Great Britain And Ireland |
| Statement of responsibility, etc |
Albert.E.R |
| 942 ## - ADDED ENTRY ELEMENTS (KOHA) |
| Source of classification or shelving scheme |
|
| Item type |
Books |